[Event "IECG TE.2000.P.00416 email"]
[Site "IECG email"]
[Date "2000.07.15"]
[Round "?"]
[White "Jordan, Ian"]
[Black "Bedyk, Witek"]
[Result "1-0"]
[WhiteElo "1709"]
[BlackElo "1195"]
[PlyCount "34"]
[EventDate "2000.07.15"]
[EventType "tourn (corr)"]
[EventRounds "8"]
[SourceTitle "Corr 2008"]
[Source "ChessBase"]
[SourceDate "2008.06.24"]
[SourceVersion "1"]
[SourceVersionDate "2008.06.24"]
[SourceQuality "1"]

1. e4 e5 2. Nf3 Nc6 3. Bc4 Nf6 4. Ng5 Bc5 5. d3 0-0 6. Nc3 d6 7. Na4 Na5 8. Nxc5 Nxc4 9. Nb3 Nb6 10. 0-0 h6 11. Nf3 Bg4 12. h3 Bh5 13. Be3 Nfd7 14. a4 f5 15. exf5 Bxf3 16. Qxf3 Qf6 17. a5 Qxf5 1-0

[Event "IECG FI.1999.0.00004 (Class N) email"]
[Site "IECG email"]
[Date "1999.06.01"]
[Round "?"]
[White "Bedyk, Witek"]
[Black "Pollina, Paolo"]
[Result "0-1"]
[WhiteElo "1039"]
[BlackElo "1041"]
[PlyCount "80"]
[EventDate "1999.06.01"]
[EventType "tourn (corr)"]
[EventRounds "11"]
[SourceTitle "Corr 2008"]
[Source "ChessBase"]
[SourceDate "2008.06.24"]
[SourceVersion "1"]
[SourceVersionDate "2008.06.24"]
[SourceQuality "1"]

1. c4 e5 2. Nc3 Nf6 3. g3 d5 4. cxd5 Nxd5 5. Bg2 Nb6 6. Nf3 Nc6 7. 0-0 Be7 8. Rb1 a5 9. d3 Be6 10. Bd2 0-0 11. Qc1 h6 12. b3 f5 13. Ne1 Nd5 14. f4 exf4 15. gxf4 Re8 16. e3 Ncb4 17. a3 Nxc3 18. Bxc3 Na2 19. Qb2 Nxc3 20. Qxc3 c6 21. b4 axb4 22. axb4 Ba2 23. Rd1 Qd6 24. Nc2 Bf6 25. d4 Bd5 26. Rd2 Kh7 27. Ne1 Qe6 28. Bxd5 cxd5 29. Re2 Rec8 30. Qd3 Be7 31. Qd2 Ra3 32. Nd3 Rcc3 33. Nc5 Bxc5 34. bxc5 Rd3 35. Qe1 Rxe3 36. Rxe3 Rxe3 37. Qd2 Qe4 38. Qg2 Qxd4 39. Kh1 Qe4 40. Kg1 d4 0-1

[Event "IECG FI.1999.0.00004 (Class N) email"]
[Site "IECG email"]
[Date "1999.06.01"]
[Round "?"]
[White "Caffaratti, Paolo"]
[Black "Bedyk, Witek"]
[Result "0-1"]
[WhiteElo "1039"]
[BlackElo "1039"]
[PlyCount "66"]
[EventDate "1999.06.01"]
[EventType "tourn (corr)"]
[EventRounds "11"]
[SourceTitle "Corr 2008"]
[Source "ChessBase"]
[SourceDate "2008.06.24"]
[SourceVersion "1"]
[SourceVersionDate "2008.06.24"]
[SourceQuality "1"]

1. e4 c5 2. Nf3 d6 3. g3 Nf6 4. d3 g6 5. Bg2 Bg7 6. 0-0 0-0 7. Nc3 Nc6 8. h3 Rb8 9. Be3 b5 10. Qc1 b4 11. Ne2 e5 12. Bh6 a5 13. Bxg7 Kxg7 14. Nd2 a4 15. f4 Ba6 16. Rf2 Re8 17. f5 Na5 18. b3 a3 19. c4 Nc6 20. Nf3 h6 21. fxg6 fxg6 22. Nh4 Rf8 23. Qd2 Rb7 24. Raf1 Rbf7 25. Nf3 Bb7 26. g4 Qe7 27. Ng3 Ne8 28. Qe3 Bc8 29. Kh2 Nf6 30. g5 hxg5 31. Nf5+ gxf5 32. exf5 Nh7 33. f6+ Qxf6 0-1

[Event "IECG FI.1999.0.00004 (Class N) email"]
[Site "IECG email"]
[Date "1999.06.01"]
[Round "?"]
[White "Neumann, Ulrich"]
[Black "Bedyk, Witek"]
[Result "1/2-1/2"]
[WhiteElo "1376"]
[BlackElo "1039"]
[PlyCount "68"]
[EventDate "1999.06.01"]
[EventType "tourn (corr)"]
[EventRounds "11"]
[SourceTitle "Corr 2008"]
[Source "ChessBase"]
[SourceDate "2008.06.24"]
[SourceVersion "1"]
[SourceVersionDate "2008.06.24"]
[SourceQuality "1"]

1. e4 c5 2. Nf3 d6 3. d4 cxd4 4. Nxd4 Nf6 5. Nc3 a6 6. Bg5 e6 7. f4 Nbd7 8. Qf3 Qc7 9. 0-0-0 Be7 10. g4 b5 11. Bxf6 Nxf6 12. g5 Nd7 13. f5 Bxg5+ 14. Kb1 Ne5 15. Qh5 Qd8 16. Nxe6 Bxe6 17. fxe6 0-0 18. Rg1 Bf6 19. exf7+ Kh8 20. Nd5 g6 21. Nxf6 Qxf6 22. Qe2 Rxf7 23. Bg2 Raf8 24. Rgf1 Qe7 25. Rxf7 Rxf7 26. b3 Qc7 27. Rf1 Rxf1+ 28. Bxf1 h5 29. Kb2 Kg7 30. Qf2 Qf7 31. Qxf7+ Kxf7 32. Be2 Kf6 33. Kc3 h4 34. Kd4 g5 1/2-1/2

[Event "IECG WC.2002.P.00007 email"]
[Site "IECG email"]
[Date "1999.??.??"]
[Round "?"]
[White "Bedyk, Witek"]
[Black "Caffaratti, Paolo"]
[Result "1-0"]
[WhiteElo "1039"]
[BlackElo "1032"]
[PlyCount "59"]
[EventDate "1999.02.21"]
[EventType "tourn (corr)"]
[EventRounds "8"]
[SourceTitle "Corr 2008"]
[Source "ChessBase"]
[SourceDate "2008.06.24"]
[SourceVersion "1"]
[SourceVersionDate "2008.06.24"]
[SourceQuality "1"]

1. d4 Nf6 2. c4 g6 3. Nf3 d6 4. Nc3 Bg7 5. e4 0-0 6. Be2 e5 7. 0-0 Nc6 8. d5 Ne7 9. b4 a5 10. Ba3 Nd7 11. Nd2 f5 12. b5 c5 13. bxc6 bxc6 14. Bxd6 cxd5 15. Nxd5 Bf6 16. c5 Ra7 17. Bc4 Kg7 18. Qa4 Nb8 19. Nxf6 Rxf6 20. Bxe5 Bd7 21. Qb3 Nbc6 22. Bxf6+ Kxf6 23. Qc3+ Ne5 24. f4 N7c6 25. fxe5+ Nxe5 26. g4 Qe7 27. exf5 Qxc5+ 28. Rf2 Bc6 29. fxg6+ Kxg6 30. Bf7+ 1-0

[Event "IECG WC.2002.P.00007 email"]
[Site "IECG email"]
[Date "1999.??.??"]
[Round "?"]
[White "Bedyk, Witek"]
[Black "Leoni, Alessandro"]
[Result "1/2-1/2"]
[WhiteElo "1039"]
[BlackElo "2001"]
[PlyCount "102"]
[EventDate "1999.02.21"]
[EventType "tourn (corr)"]
[EventRounds "8"]
[SourceTitle "Corr 2008"]
[Source "ChessBase"]
[SourceDate "2008.06.24"]
[SourceVersion "1"]
[SourceVersionDate "2008.06.24"]
[SourceQuality "1"]

1. c4 e5 2. Nc3 Nc6 3. g3 f5 4. Bg2 Nf6 5. d3 Bc5 6. e3 f4 7. Rb1 fxe3 8. Bxe3 Bxe3 9. fxe3 0-0 10. b4 d6 11. Nf3 Bg4 12. 0-0 Qd7 13. b5 Ne7 14. Qc2 Bh3 15. a4 Bxg2 16. Qxg2 Nf5 17. Rbe1 c6 18. e4 Ne7 19. Rd1 Rac8 20. Rb1 a6 21. Rbd1 Ng6 22. Rb1 h6 23. Qf2 axb5 24. axb5 Ra8 25. Ra1 Rxa1 26. Rxa1 Qg4 27. Rf1 Nf4 28. Qe3 N6h5 29. Nd2 Rf6 30. Rf3 Rg6 31. Kh1 Ne6 32. Ne2 Nf6 33. bxc6 bxc6 34. Qb6 Nc5 35. Nc3 Kh7 36. Qb1 Ne6 37. Qf1 Nd4 38. Rf2 Qh5 39. Qg2 Qg5 40. Nd1 h5 41. Nf3 Qc1 42. Rf1 Nxf3 43. Qxf3 Ng4 44. Qe2 Rf6 45. Rg1 Qg5 46. h3 Nh6 47. Ne3 Rf7 48. Kh2 h4 49. gxh4 Qxh4 50. Rg3 Qf6 51. Qg2 Qf4 1/2-1/2

[Event "IECG CP.1998.P.00052"]
[Site "IECG email"]
[Date "1998.10.01"]
[Round "?"]
[White "Grouls, Cor"]
[Black "Bedyk, Witek"]
[Result "1-0"]
[WhiteElo "1597"]
[BlackElo "800"]
[PlyCount "46"]
[EventDate "1998.10.01"]
[EventType "tourn (corr)"]
[EventRounds "6"]
[EventCountry "USA"]
[SourceTitle "Corr 2008"]
[Source "ChessBase"]
[SourceDate "2008.06.24"]
[SourceVersion "1"]
[SourceVersionDate "2008.06.24"]
[SourceQuality "1"]

1. e4 d6 2. d4 Nf6 3. Nc3 g6 4. Nf3 Bg7 5. Be2 0-0 6. 0-0 c6 7. a4 a5 8. Be3 Nbd7 9. Re1 Nb6 10. b3 Ne8 11. Qd2 f5 12. Bh6 fxe4 13. Nxe4 Nf6 14. Bd3 Nbd5 15. Bxg7 Kxg7 16. c4 Nb4 17. Neg5 d5 18. Bb1 b6 19. Ne6+ Bxe6 20. Rxe6 Qd7 21. Qe3 Ra7 22. Ng5 Kg8 23. Re5 Qd6 1-0